000 00326cam a22001097a 4500
008 180718b1957 xxu||||| |||| 00| 0 eng d
082 _aA75 B489 H
100 _aRoy Chaudhury, P.C.
245 _aBihar district gazetteers: Hazaribagh
_cby P.C. Roy Chaudhury
260 _aPatna
_bBihar District Gazetteers
_c1957
300 _a338+p
999 _c389135
_d389135